LDR 01160naa#a2200217#i#450# 001 RU\\bibl\111306 005 20260419142853.7 011 ## _a2782-490X 100 ## _a20251230b2025####ek#y0rusy0150####ca 101 0# _aRUS 102 ## _aRU 200 1# _aМЕТОДИКА ОЦЕНКИ УРОЖАЙНОСТИ ВИНОГРАДНОГО НАСАЖДЕНИЯ ПО СПЕКТРАЛЬНЫМ ИНДЕКСАМ ПОЧВЕННЫХ ПАТТЕРНОВ _eЖурнальная статья 210 1# _aКазань _cКазанский государственный аграрный университет _d2025 215 ## _a9 с. 608 ## _aЖурнальная статья _2local 675 ## _aВиноградарство, виноградные лозы и виноградники. 634.8 _aПочвоведение. Почвенные исследования. 631.4 _zRUS 700 #1 _aОрлов _gВиталий Александрович 700 #1 _aЛукьянов _gАлексей Александрович 700 #1 _aМихайловская _gОлеся Ивановна 700 #1 _aМихайловский _gСтанислав Сергеевич 856 4# _anaukaru.ru _u